000 002420000a22000970004500
100 1 _aArana, Pedro
245 1 0 _aFe cristiana y deuda externa
300 _aVol. 7, Núm 12 (1999), Páginas 7-17
773 0 _tTextos para la acción
942 _cANA
999 _c53163
_d53163